000 00519nam a2200181 a 4500
001 57490
005 20180714053712.0
008 140415s1935 mx 000 0 spa d
041 _aspa
082 0 _a923.5
_bNEG
100 1 _aNEGRETE, DOROTEO
245 1 3 _aLA VERDAD ANTE LA FIGURA MILITAR DE DON MIGUEL NEGRETE.
250 _a1a ed.
260 _aMEXICO :
_bINDETERMINADO,
_c1935.
300 _a258 ;
_c34.5 x 2.5 x 21.5.
500 _aCOLECCIÓN PUEBLA
650 1 4 _aNEGRETE, MIGUEL, 1824
_x1897
999 _c57490
_d57490